Library Banner

Interpretation of statutes / (Record no. 94076)

MARC details
000 -LEADER
fixed length control field 00389nam a22001457a 4500
005 - DATE AND TIME OF LATEST TRANSACTION
control field 20170527093916.0
008 - FIXED-LENGTH DATA ELEMENTS--GENERAL INFORMATION
fixed length control field 170527b xxu||||| |||| 00| 0 eng d
040 ## - CATALOGING SOURCE
Transcribing agency PK-LaUMT
082 ## - DEWEY DECIMAL CLASSIFICATION NUMBER
Classification number 348.5491022
Item number KHU-I
100 ## - MAIN ENTRY--PERSONAL NAME
Personal name Khurshid A. Nasim
245 ## - TITLE STATEMENT
Title Interpretation of statutes /
Statement of responsibility, etc Khurshid A. Nasim
260 ## - PUBLICATION, DISTRIBUTION, ETC. (IMPRINT)
Place of publication, distribution, etc Lahore :
Name of publisher, distributor, etc Mansoor Book House,
Date of publication, distribution, etc N.D.
300 ## - PHYSICAL DESCRIPTION
Extent 208 p.
942 ## - ADDED ENTRY ELEMENTS (KOHA)
Koha item type Books
Holdings
Withdrawn status Lost status Damaged status Home library Current library Date acquired Full call number Barcode Date last seen Price effective from Koha item type
      UMT Main Campus UMT Main Campus 2017-05-27 348.5491022 KHU-I 108632 2025-04-18 2017-05-27 Books